00654 2200217 4500001002100000005001500021035002000036007000300056008004100059020001800100082001000118084001600128100001900144245011200163260003700275300003100312700004200343650002900385990001100414990001100425INLIS00000000000323220190418110743 a0010-0419000008ta190418 g 0 ind  a602-317-095-1 a741.5 a741.5 LUK p0 aLUKMAN, Hakiem1 aPetualangan Seru Mengenal 32 Kapal Laut Menakjubkan :b(Termewah- Terbesar- Tercanggih) /cM. Lukman Hakiem aSurakarta :bVisi Mandiri,c2017 ahlm 112. :bilus. ;c24 cm0 apenyunting, Tin Zulaeha, Rini Yuliana 4aGAMBAR. KOMIK KAPAL LAUT a6572 a a6572 b